000 00445nam a2200169Ia 4500
008 221030s9999 xx 000 0 und d
020 _a818655503X
041 _aEnglish
082 _a105.23
_bMit
100 _aR. Mittal
245 0 _aText Book of Electronic Devices Including Diode Circuits
_cby R. Mittal, G. K. Mithal
260 _bG. K. Pub
_aNew Delhi
_c1997
300 _a11.36
650 _aECE
700 _aG. K. Mithal
942 _cBK
999 _c7624
_d7624